Rizika i šance
Politicko-ekonomická situácia na Ukrajine. Ekonomický reformný program Ukrajiny. Rozpočet na rok 2001. Základné ekonomické ukazovatele Ukrajiny. Vzťah Ukrajiny k Rusku.
Na minha lista:
| Autor principal: | |
|---|---|
| Formato: | Capítulo de Livro |
| Idioma: | tcheco |
| Assuntos: | |
| Tags: |
Sem tags, seja o primeiro a adicionar uma tag!
|
MARC
| LEADER | 00000naa a2200000 4500 | ||
|---|---|---|---|
| 001 | r040279 | ||
| 005 | 20230920101203.3 | ||
| 041 | 0 | |a cze | |
| 044 | |a CZ | ||
| 245 | 1 | 0 | |a Rizika i šance |c Milan Syruček |
| 520 | |a Politicko-ekonomická situácia na Ukrajine. Ekonomický reformný program Ukrajiny. Rozpočet na rok 2001. Základné ekonomické ukazovatele Ukrajiny. Vzťah Ukrajiny k Rusku. | ||
| 610 | 2 | 0 | |a situácia hospodárska |
| 610 | 2 | 0 | |a Ukrajina |
| 610 | 2 | 0 | |a reformy hospodárske |
| 610 | 2 | 0 | |a reformy štruktúrne |
| 610 | 2 | 0 | |a ukazovatele ekonomické |
| 610 | 2 | 0 | |a vzťahy hospodárske medzinárodné |
| 610 | 2 | 0 | |a Rusko |
| 100 | 1 | |a Syruček, Milan | |